Welcher Flugzeugtyp (Airbus/Boeing) - Statistiken

Allgemein
  • Dieses Quiz wurde 449 mal gespielt
  • Das Durchschnittsergebnis liegt bei 8 aus 12
Antwortstatistiken
Bildquiz Antwort % Korrekt
A380
94%
A340
87%
A319
80%
B747
80%
A350
73%
A318
72%
A330
70%
B757
67%
B737
66%
A321
65%
B787
64%
B777
60%
A220
59%
B767
59%
A320neo
49%
B707
47%
Keine übereinstimmenden Quizze gefunden
Verteilung der Resultate
Anzahl Personen mit jedem Resultat
Perzentil nach korrekt beantworteten Fragen
Ihre Resultats-Entwicklung
Sie haben dieses Quiz noch nicht gespielt